Cento biblioteche : (Record no. 105336)

MARC details
000 -LEADER
campo de control de longitud fija 01043cam a2200325Mu 4500
001 - NÚMERO DE CONTROL
campo de control 97127
005 - FECHA Y HORA DE LA ÚLTIMA TRANSACCIÓN
campo de control 20230411085641.0
008 - DATOS DE LONGITUD FIJA--INFORMACIÓN GENERAL
campo de control de longitud fija 070213s2005 it 000 0 ita d
035 ## - NÚMERO DE CONTROL DEL SISTEMA
Número de control de sistema (OCoLC)ocn603673145
040 ## - FUENTE DE CATALOGACIÓN
Centro catalogador/agencia de origen SzZUIDS
Lengua de catalogación ger
Centro/agencia transcriptor CHVBK
020 ## - NÚMERO INTERNACIONAL ESTÁNDAR DEL LIBRO
Número Internacional Estándar del Libro 9788849125504
020 ## - NÚMERO INTERNACIONAL ESTÁNDAR DEL LIBRO
Número Internacional Estándar del Libro 884912550X
029 0# - OTRO NÚMERO DE CONTROL DE SISTEMA (OCLC)
Identificador de la biblioteca OCLC CHVBK
Número de control de sistema 019744242
035 ## - NÚMERO DE CONTROL DEL SISTEMA
Número de control de sistema (OCoLC)603673145
050 14 - SIGNATURA TOPOGRÁFICA DE LA BIBLIOTECA DEL CONGRESO
Número de clasificación Z 809
Número de ítem S287c 2005
082 00 - NÚMERO DE LA CLASIFICACIÓN DECIMAL DEWEY
Número de clasificación 027
049 ## - FONDOS LOCALES (OCLC)
Biblioteca depositaria GRAL
100 1# - ENTRADA PRINCIPAL--NOMBRE DE PERSONA
Nombre de persona Scatasta, Raffaello.
245 10 - MENCIÓN DEL TÍTULO
Título Cento biblioteche :
Resto del título Racconto per immagini del sistema bibliotecario dell'Ateneo bolognese /
Mención de responsabilidad, etc. Raffaello Scatasta ; presentazione di Pier Ugo Calzolari, Fanny S. Cappello ; saggio introduttivo di Maria Gioia Tavoni.
260 ## - PUBLICACIÓN, DISTRIBUCIÓN, ETC.
Lugar de publicación, distribución, etc. Bologna :
Nombre del editor, distribuidor, etc. CLUEB,
Fecha de publicación, distribución, etc. 2005.
300 ## - DESCRIPCIÓN FÍSICA
Extensión 159 p :
Otras características físicas Ill.
650 #0 - PUNTO DE ACCESO ADICIONAL DE MATERIA--TÉRMINO DE MATERIA
Término de materia o nombre geográfico como elemento de entrada Libraries
Subdivisión geográfica Italy.
650 #0 - PUNTO DE ACCESO ADICIONAL DE MATERIA--TÉRMINO DE MATERIA
Término de materia o nombre geográfico como elemento de entrada Library resources
Subdivisión geográfica Italy.
650 #4 - PUNTO DE ACCESO ADICIONAL DE MATERIA--TÉRMINO DE MATERIA
Término de materia o nombre geográfico como elemento de entrada Bibliotecas
Subdivisión geográfica Italia.
651 #7 - PUNTO DE ACCESO ADICIONAL DE MATERIA--NOMBRE GEOGRÁFICO
Nombre geográfico Bologna
Subdivisión general Bibliothek
Subdivisión de forma Bildband.
Fuente del encabezamiento o término idsbb
700 1# - ENTRADA AGREGADA--NOMBRE PERSONAL
Nombre de persona Calzolari, Pier Ugo.
942 ## - ELEMENTOS DE ENTRADA SECUNDARIOS (KOHA)
Fuente del sistema de clasificación o colocación Clasificación de Library of Congress
Tipo de ítem Koha
946 ## - PROCESAMIENTO DE INFORMACIÓN LOCAL (OCLC)
a mjcruz
994 ## -
-- C0
-- DRFGD
Holdings
Estatus retirado Estado de pérdida Fuente del sistema de clasificación o colocación Estado de daño No para préstamo Colección Biblioteca de origen Biblioteca actual Ubicación en estantería Fecha de adquisición Signatura topográfica completa Código de barras Visto por última vez Copia número Tipo de ítem Koha
    Clasificación de Library of Congress     Humanidades Biblioteca Juan Bosch Biblioteca Juan Bosch Humanidades (4to. Piso) 11/04/2023 Z 809 S287c 2005 00000090342 21/01/2019 1